[Event "Quenza op 12th"]
[Site "Quenza"]
[Date "2023.07.23"]
[Round "7"]
[White "Pieri, Pierre Louis"]
[Black "Glek, Igor Vladimirovich"]
[Result "0-1"]
[WhiteElo "2089"]
[BlackElo "2410"]
[PlyCount "84"]
[EventDate "2023.07.23"]
[EventType "swiss"]
[EventRounds "9"]
[EventCountry "FRA"]
[SourceTitle "CBM 215 Extra"]
[Source "ChessBase"]
[SourceDate "2023.09.30"]
[SourceVersion "1"]
[SourceVersionDate "2023.09.30"]
[SourceQuality "1"]

1. e4 c5 2. Nc3 a6 3. Nge2 e5 4. g3 Nc6 5. Bg2 g6 6. d3 Bg7 7. 0-0 Nge7 8. f4 d6 9. h3 Be6 10. g4 exf4 11. Nxf4 0-0 12. Nxe6 fxe6 13. Bg5 Qd7 14. Qd2 Nd4 15. e5 d5 16. Bf6 Nec6 17. Rae1 Qc7 18. Nxd5 exd5 19. Bxd5+ Kh8 20. c3 Qd7 21. c4 Rae8 22. Qg5 Ne6 23. Qh4 Ncd4 24. Rf2 g5 25. Qg3 Bxf6 26. Rxf6 Nf4 27. Rxf8+ Rxf8 28. Kh2 Qe7 29. e6 b5 30. Re5 h6 31. Qe3 Kg7 32. Qe4 Ng6 33. Rf5 Qd6+ 34. Kg2 Nh4+ 35. Kf2 Nhxf5 36. gxf5 Rxf5+ 37. Kg2 Re5 38. Qg4 Re2+ 39. Kf1 Qf4+ 40. Qxf4 gxf4 41. Be4 Re3 42. e7 Kf7 0-1

[Event "Bastia op"]
[Site "Bastia"]
[Date "2023.07.10"]
[Round "6"]
[White "Anwesh, Upadhyaya"]
[Black "Pieri, Pierre Louis"]
[Result "1-0"]
[WhiteElo "2356"]
[BlackElo "2089"]
[PlyCount "101"]
[EventDate "2023.07.09"]
[EventType "swiss"]
[EventRounds "9"]
[EventCountry "FRA"]
[SourceTitle "CBM 215 Extra"]
[Source "ChessBase"]
[SourceDate "2023.09.30"]
[SourceVersion "1"]
[SourceVersionDate "2023.09.30"]
[SourceQuality "1"]

1. e4 e6 2. d4 d5 3. Nc3 Bb4 4. exd5 exd5 5. Bd3 Nf6 6. Nge2 0-0 7. Bg5 c6 8. Qd2 Bd6 9. 0-0-0 b6 10. Ng3 Qc7 11. Kb1 Nbd7 12. Nf5 a5 13. Rde1 Re8 14. g3 Bf8 15. h4 Rxe1+ 16. Rxe1 Ba6 17. Bxa6 Rxa6 18. Bf4 Qa7 19. Ne7+ Bxe7 20. Rxe7 b5 21. Bd6 Qa8 22. Qe2 Ra7 23. f3 Nf8 24. g4 Ne6 25. g5 Rxe7 26. Bxe7 Nh5 27. Qe5 Nhf4 28. Bc5 Ng6 29. Qg3 Nxc5 30. dxc5 a4 31. a3 Qe8 32. h5 Ne5 33. Qe1 Kf8 34. Qg3 Nc4 35. h6 gxh6 36. gxh6 Qe5 37. f4 Qf6 38. Qh3 Qe6 39. Qh4 d4 40. Qd8+ Qe8 41. Qxd4 Qe6 42. Qh8+ Ke7 43. Qxh7 Qe1+ 44. Ka2 Nd2 45. Qf5 Kf8 46. Qc8+ Ke7 47. Qxc6 Qc1 48. Qd6+ Ke8 49. h7 Qh1 50. h8Q+ Qxh8 51. Qb8+ 1-0

[Event "Bastia op"]
[Site "Bastia"]
[Date "2023.07.09"]
[Round "2"]
[White "Relange, Eloi"]
[Black "Pieri, Pierre Louis"]
[Result "1-0"]
[WhiteElo "2462"]
[BlackElo "2089"]
[PlyCount "83"]
[EventDate "2023.07.09"]
[EventType "swiss"]
[EventRounds "9"]
[EventCountry "FRA"]
[SourceTitle "CBM 215 Extra"]
[Source "ChessBase"]
[SourceDate "2023.09.30"]
[SourceVersion "1"]
[SourceVersionDate "2023.09.30"]
[SourceQuality "1"]

1. Nf3 d5 2. g3 g6 3. Bg2 Bg7 4. 0-0 Nf6 5. c4 c6 6. b3 Ne4 7. d4 0-0 8. Bb2 Nd7 9. Nc3 Nxc3 10. Bxc3 dxc4 11. bxc4 Nb6 12. c5 Nd5 13. Bb2 h6 14. e4 Nc7 15. Qe2 Bg4 16. Rfd1 Ne6 17. Qe3 Qc7 18. Rd2 Bxf3 19. Bxf3 Rad8 20. Bg4 Qa5 21. Bxe6 fxe6 22. Rdd1 Kh7 23. Qc3 Qa6 24. Qd3 Qa4 25. Qb3 Qa6 26. Rd2 e5 27. d5 cxd5 28. exd5 Rc8 29. Qe3 Qc4 30. Rc1 Qxa2 31. Bxe5 Qa5 32. Bxg7 Kxg7 33. Qxe7+ Rf7 34. Qe3 Kh7 35. d6 Qd8 36. h4 Rf5 37. d7 Rb8 38. Re1 Rf7 39. Qe5 Ra8 40. Qd5 Qf6 41. Re8 Qa1+ 42. Kg2 1-0

[Event "EU-ch Cities&Town op"]
[Site "Tornelo INT"]
[Date "2023.01.29"]
[Round "?"]
[White "Pieri, Pierre Louis"]
[Black "Grebeniuk, Semen"]
[Result "1-0"]
[WhiteElo "2138"]
[BlackElo "2315"]
[PlyCount "65"]
[EventDate "2023.01.29"]
[EventType "team-swiss"]
[EventRounds "9"]
[EventCountry "NET"]
[SourceTitle "CBM 212 Extra"]
[Source "ChessBase"]
[SourceDate "2023.03.31"]
[SourceVersion "1"]
[SourceVersionDate "2023.03.31"]
[SourceQuality "1"]
[WhiteTeam "Corsica"]
[BlackTeam "Kiev Region"]
[WhiteTeamCountry "FRA"]
[BlackTeamCountry "UKR"]

1. e4 d5 2. exd5 Qxd5 3. Nc3 Qa5 4. Bc4 Nf6 5. d3 c6 6. Qe2 Bg4 7. f3 Bc8 8. Bd2 e6 9. f4 Qc7 10. Nf3 Bd6 11. f5 0-0 12. fxe6 Bxe6 13. Bxe6 Re8 14. Bxf7+ Qxf7 15. Ne4 Nxe4 16. dxe4 Nd7 17. Ng5 Qg6 18. Qc4+ Kf8 19. 0-0+ Ke7 20. Rad1 Rf8 21. Be3 h6 22. Nf3 Nb6 23. Qc3 Rad8 24. Rxd6 Rxd6 25. Bc5 Kd8 26. Qb4 Nc8 27. e5 b6 28. Bxd6 Re8 29. Rd1 Qe6 30. Bb8+ Nd6 31. Rxd6+ Kc8 32. Rxe6 Rxe6 33. Bd6 1-0

[Event "EU-ch Cities&Town op"]
[Site "Tornelo INT"]
[Date "2023.01.29"]
[Round "?"]
[White "Pieri, Pierre Louis"]
[Black "Xhembulla, Aleksander"]
[Result "0-1"]
[WhiteElo "2138"]
[BlackElo "2091"]
[PlyCount "144"]
[EventDate "2023.01.29"]
[EventType "team-swiss"]
[EventRounds "9"]
[EventCountry "NET"]
[SourceTitle "CBM 212 Extra"]
[Source "ChessBase"]
[SourceDate "2023.03.31"]
[SourceVersion "1"]
[SourceVersionDate "2023.03.31"]
[SourceQuality "1"]
[WhiteTeam "Corsica"]
[BlackTeam "Tirana"]
[WhiteTeamCountry "FRA"]
[BlackTeamCountry "ALB"]

1. e4 e5 2. Nf3 Nc6 3. Bb5 a6 4. Ba4 Nf6 5. 0-0 Be7 6. d3 b5 7. Bb3 d6 8. a3 0-0 9. Nc3 Na5 10. Ba2 Be6 11. Nd5 Bxd5 12. exd5 Nb7 13. Re1 Re8 14. c4 h6 15. b4 a5 16. Bb2 axb4 17. axb4 Qd7 18. Bb1 Rxa1 19. Bxa1 Ra8 20. Bc3 c5 21. dxc6 Qxc6 22. Qb3 Nd8 23. c5 dxc5 24. Nxe5 Qd5 25. Qb2 Ne6 26. Nf3 cxb4 27. Bxb4 Bxb4 28. Qxb4 Qc5 29. Qb2 Nf4 30. Re5 Qd6 31. Qxb5 Rb8 32. d4 Rxb5 33. Rxb5 g6 34. Re5 Kg7 35. g3 Ne6 36. Re3 Nxd4 37. Nxd4 Qxd4 38. Kg2 h5 39. Ba2 Nd5 40. Rf3 f5 41. h4 Qe4 42. Bb3 Nb4 43. Bd1 Nd3 44. Kh2 Ne5 45. Re3 Qd4 46. Be2 Ng4+ 47. Bxg4 Qxg4 48. Kg2 Qd4 49. Ra3 Qd5+ 50. Kg1 Kf6 51. Re3 f4 52. Ra3 Qc5 53. Rf3 Qc1+ 54. Kg2 Qc6 55. gxf4 Kf5 56. Kg3 Qe4 57. Re3 Qxf4+ 58. Kh3 Qxe3+ 59. fxe3 Ke4 60. Kg2 Kxe3 61. Kg3 Ke4 62. Kf2 Kf4 63. Kg2 Kg4 64. Kh2 Kxh4 65. Kg2 Kg4 66. Kh2 g5 67. Kg2 h4 68. Kh2 Kf3 69. Kh3 g4+ 70. Kh2 g3+ 71. Kg1 g2 72. Kh2 Kf2 0-1

[Event "FRA-ch op-A"]
[Site "Albi"]
[Date "2022.08.19"]
[Round "7"]
[White "Pieri, Pierre Louis"]
[Black "Saya, Ethan"]
[Result "0-1"]
[WhiteElo "2109"]
[BlackElo "2146"]
[PlyCount "92"]
[EventDate "2022.08.13"]
[EventType "swiss"]
[EventRounds "9"]
[EventCountry "FRA"]
[SourceTitle "CBM 210 Extra"]
[Source "ChessBase"]
[SourceDate "2022.11.30"]
[SourceVersion "1"]
[SourceVersionDate "2022.11.30"]
[SourceQuality "1"]

1. e4 e6 2. d4 d5 3. Nc3 Nf6 4. Bg5 dxe4 5. Nxe4 Be7 6. Bxf6 gxf6 7. Nf3 f5 8. Nc3 Bf6 9. Qd2 c5 10. Bb5+ Bd7 11. Bxd7+ Nxd7 12. d5 Qa5 13. 0-0 0-0-0 14. Rfd1 Nb6 15. d6 Kb8 16. Qf4 Qb4 17. Qh6 Bxc3 18. bxc3 Qxc3 19. Rab1 Rhg8 20. Rd3 Qg7 21. Qh3 Nd5 22. Ne1 b6 23. Rdb3 Rxd6 24. Qd3 Qd4 25. Qh3 Rg7 26. a4 c4 27. Nf3 Qg4 28. Ne5 Qxg2+ 29. Qxg2 Rxg2+ 30. Kxg2 cxb3 31. Rxb3 f6 32. Nc4 Rc6 33. Ne3 Rc3 34. Rxc3 Nxc3 35. Kg3 Nxa4 36. Kh4 Nb2 37. Kh5 a5 38. c3 f4 39. Nc2 Nd1 40. Kh6 Nxf2 41. Kxh7 a4 42. Kg6 Ng4 43. h3 f3 44. hxg4 f2 45. Ne3 a3 46. Kxf6 a2 0-1

[Event "Purtichju op"]
[Site "Purtichju"]
[Date "2022.07.03"]
[Round "2"]
[White "Rakotomaharo, Fy Antenaina"]
[Black "Pieri, Pierre Louis"]
[Result "1-0"]
[WhiteElo "2490"]
[BlackElo "2124"]
[PlyCount "59"]
[EventDate "2022.07.02"]
[EventType "swiss"]
[EventRounds "9"]
[EventCountry "FRA"]
[SourceTitle "EXT 2023"]
[Source "ChessBase"]
[SourceDate "2022.10.05"]
[SourceVersion "1"]
[SourceVersionDate "2022.10.05"]
[SourceQuality "1"]

1. e4 c5 2. Nf3 e6 3. d4 cxd4 4. Nxd4 Nc6 5. Nc3 Qc7 6. g3 a6 7. Bg2 h5 8. h3 h4 9. g4 Bc5 10. Nde2 b5 11. 0-0 Bb7 12. Bf4 Ne5 13. Qd2 Ne7 14. Rad1 N7g6 15. Bh2 0-0 16. Qg5 b4 17. Na4 Ba7 18. b3 Qxc2 19. Nd4 Qc7 20. Kh1 d6 21. f4 Bxd4 22. Rxd4 Nc6 23. Rdd1 Qd8 24. Qh5 e5 25. f5 Nf4 26. Bxf4 exf4 27. g5 Ne5 28. Rxf4 g6 29. Qh6 f6 30. fxg6 1-0

[Event "Toulouse Petit Capitole op"]
[Site "Toulouse"]
[Date "2015.05.31"]
[Round "4"]
[White "Grimault, Nathan"]
[Black "Pieri, Pierre Louis"]
[Result "0-1"]
[WhiteElo "2068"]
[BlackElo "2106"]
[PlyCount "80"]
[EventDate "2015.05.30"]
[EventType "swiss"]
[EventRounds "6"]
[EventCountry "FRA"]
[SourceTitle "EXT 2016"]
[Source "ChessBase"]
[SourceDate "2015.10.08"]
[SourceVersion "1"]
[SourceVersionDate "2015.10.08"]
[SourceQuality "1"]

1. d4 Nf6 2. c4 g6 3. Nc3 d5 4. cxd5 Nxd5 5. e4 Nxc3 6. bxc3 Bg7 7. Bc4 c5 8. Ne2 Nc6 9. Be3 0-0 10. 0-0 Bg4 11. f3 Bd7 12. Qd2 Rc8 13. dxc5 Ne5 14. Bd5 Qc7 15. Bd4 e6 16. Bb3 Rfd8 17. Rfd1 Bb5 18. Qe3 Bf8 19. f4 Ng4 20. Qf3 Bxe2 21. Qxe2 Qxf4 22. g3 Qg5 23. h4 Qh5 24. c6 Rxc6 25. Bxa7 Bc5+ 26. Bxc5 Qxc5+ 27. Kg2 Ne3+ 28. Kh3 Nxd1 29. Rxd1 Rxd1 30. Qxd1 Qxc3 31. Qd8+ Kg7 32. h5 Qc5 33. hxg6 hxg6 34. Qd3 Qe5 35. Qe3 Rc3 36. Qe1 Qh5+ 37. Kg2 Qf3+ 38. Kh2 Re3 39. Qa1+ Kh7 40. Qg1 Qh5+ 0-1

[Event "Calvi Balagne op 10th"]
[Site "Calvi"]
[Date "2013.04.13"]
[Round "6"]
[White "Pieri, Pierre Louis"]
[Black "Svetushkin, Dmitry"]
[Result "0-1"]
[WhiteElo "2053"]
[BlackElo "2588"]
[PlyCount "75"]
[EventDate "2013.04.13"]
[EventType "swiss (rapid)"]
[EventRounds "9"]
[EventCountry "FRA"]
[SourceTitle "CBM 153 Extra"]
[Source "ChessBase"]
[SourceDate "2013.04.22"]
[SourceVersion "1"]
[SourceVersionDate "2013.04.22"]
[SourceQuality "1"]

1. e4 g6 2. d4 Bg7 3. Nf3 d6 4. Bd3 Nf6 5. Bf4 0-0 6. 0-0 a6 7. a4 b6 8. Nbd2 Bb7 9. c3 Nbd7 10. Qe2 Nh5 11. Bg5 h6 12. Bh4 Nf4 13. Qe3 Nxd3 14. Qxd3 Qe8 15. Rae1 e5 16. h3 Nf6 17. Bxf6 Bxf6 18. Nh2 Bg7 19. b3 Rd8 20. f4 exf4 21. Rxf4 Qe7 22. Ref1 h5 23. g4 Bh6 24. gxh5 Bxf4 25. Rxf4 Qg5+ 26. Rg4 Qxh5 27. Qg3 Rde8 28. Nhf3 Qh6 29. Kf2 Qg7 30. h4 Re6 31. h5 Rfe8 32. Ng5 Rf6+ 33. Ngf3 Rfe6 34. Qh4 Qf6 35. hxg6 Qxh4+ 36. Nxh4 Bxe4 37. Rf4 Rf6 38. Kg3 0-1

[Event "Cappelle op 29th"]
[Site "Cappelle la Grande"]
[Date "2013.03.02"]
[Round "9"]
[White "Pieri, Pierre Louis"]
[Black "Flamant, Jacky"]
[Result "1-0"]
[WhiteElo "2062"]
[BlackElo "1782"]
[PlyCount "33"]
[EventDate "2013.02.23"]
[EventType "swiss"]
[EventRounds "9"]
[EventCountry "FRA"]
[SourceTitle "CBM 153 Extra"]
[Source "ChessBase"]
[SourceDate "2013.04.22"]
[SourceVersion "1"]
[SourceVersionDate "2013.04.22"]
[SourceQuality "1"]

1. e4 e6 2. Nf3 d5 3. Nc3 c5 4. d4 dxe4 5. Nxe4 cxd4 6. Qxd4 Bd7 7. Bg5 Qc7 8. 0-0-0 Nc6 9. Qd2 f6 10. Be3 Nh6 11. Bxh6 f5 12. Bf4 e5 13. Nxe5 Nxe5 14. Bxe5 Qc6 15. Nd6+ Bxd6 16. Qxd6 Qa4 17. Bxg7 1-0

[Event "Marseille op 5th"]
[Site "Marseille"]
[Date "2012.12.27"]
[Round "3"]
[White "Pieri, Pierre Louis"]
[Black "Ferrari, Louis"]
[Result "1-0"]
[WhiteElo "2050"]
[BlackElo "1767"]
[PlyCount "113"]
[EventDate "2012.12.26"]
[EventType "swiss"]
[EventRounds "9"]
[EventCountry "FRA"]
[SourceTitle "EXT 2014"]
[Source "ChessBase"]
[SourceDate "2013.11.20"]
[SourceVersion "1"]
[SourceVersionDate "2013.11.20"]
[SourceQuality "1"]

1. e4 d5 2. exd5 Qxd5 3. Nc3 Qa5 4. Bc4 Nf6 5. d3 Bg4 6. f3 Bf5 7. g4 Bg6 8. Bd2 c6 9. Qe2 Qd8 10. 0-0-0 Nd5 11. f4 h6 12. f5 Bh7 13. Nf3 a5 14. Bxd5 cxd5 15. Qe5 Nc6 16. Qxd5 Qxd5 17. Nxd5 0-0-0 18. Nb6+ Kb8 19. Nc4 Rd5 20. Rde1 g6 21. fxg6 Bxg6 22. Nfe5 Nxe5 23. Rxe5 Rxe5 24. Nxe5 a4 25. Nd7+ Kc7 26. Nxf8 Rxf8 27. Bxh6 Rh8 28. Bf4+ Kd7 29. h4 f6 30. d4 Rc8 31. Rh2 b5 32. g5 fxg5 33. hxg5 Rf8 34. Be5 Rf1+ 35. Kd2 Rb1 36. Bf4 Rf1 37. Be3 Ke6 38. Rf2 Rb1 39. Kc3 Re1 40. Bd2 Re4 41. Rf8 Re2 42. Rb8 Rh2 43. Rb6+ Kf7 44. Rxb5 Rh3+ 45. Kb4 Bxc2 46. Rc5 Bd1 47. Re5 a3 48. Re1 Bh5 49. b3 Rh2 50. Bc1 Rxa2 51. Bxa3 Rd2 52. Kc3 Re2 53. Rxe2 Bxe2 54. Kb4 Ke6 55. Kc5 Kf5 56. Bc1 e6 57. b4 1-0

[Event "Barbera del Valles op 35th"]
[Site "Barbera del Valles"]
[Date "2012.07.08"]
[Round "5"]
[White "Lacasta Palacio, Joaquim"]
[Black "Pieri, Pierre Louis"]
[Result "1-0"]
[WhiteElo "2195"]
[BlackElo "2048"]
[PlyCount "101"]
[EventDate "2012.07.04"]
[EventType "swiss"]
[EventRounds "9"]
[EventCountry "ESP"]
[SourceTitle "CBM 149 Extra"]
[Source "ChessBase"]
[SourceDate "2012.08.24"]
[SourceVersion "1"]
[SourceVersionDate "2012.08.24"]
[SourceQuality "1"]

1. g3 e5 2. c4 Nf6 3. Bg2 d5 4. cxd5 Nxd5 5. Nc3 Nb6 6. Nf3 Nc6 7. 0-0 Be7 8. d3 g5 9. a4 a5 10. Nb5 g4 11. Nd2 Nd4 12. Nxd4 exd4 13. Nb3 Be6 14. Bf4 Nd5 15. Be5 Bf6 16. Bxd4 c6 17. Bxf6 Qxf6 18. Nc5 Qxb2 19. Nxe6 Nc3 20. Qe1 fxe6 21. Kh1 0-0-0 22. Rc1 Na2 23. Rc4 Nb4 24. Rxg4 Rhf8 25. Rh4 Rd7 26. Bh3 Rf6 27. f4 Kb8 28. g4 Qa2 29. g5 Rff7 30. Rh6 Rfe7 31. Rf6 Qd5+ 32. Bg2 Qd4 33. Be4 b5 34. Qc1 Rc7 35. e3 Qd6 36. Qa3 Qc5 37. axb5 Qxb5 38. Qc3 Rcd7 39. Rb1 Kc7 40. d4 Nd5 41. Qe1 Qa4 42. Rc1 Qb5 43. Rf8 Nb4 44. Qc3 Rd6 45. Ra1 Kb6 46. Rb8+ Rb7 47. Qc5+ Kc7 48. Rxb7+ Qxb7 49. Qxa5+ Qb6 50. Qa7+ Qb7 51. Qxb7+ 1-0

[Event "Barbera del Valles op 35th"]
[Site "Barbera del Valles"]
[Date "2012.07.06"]
[Round "3"]
[White "Palit, Somak"]
[Black "Pieri, Pierre Louis"]
[Result "1-0"]
[WhiteElo "2393"]
[BlackElo "2048"]
[PlyCount "127"]
[EventDate "2012.07.04"]
[EventType "swiss"]
[EventRounds "9"]
[EventCountry "ESP"]
[SourceTitle "CBM 149 Extra"]
[Source "ChessBase"]
[SourceDate "2012.08.24"]
[SourceVersion "1"]
[SourceVersionDate "2012.08.24"]
[SourceQuality "1"]

1. e4 e5 2. Nf3 Nc6 3. Bb5 a6 4. Ba4 Nf6 5. d3 b5 6. Bb3 Be7 7. 0-0 0-0 8. Re1 d6 9. c3 Na5 10. Bc2 c5 11. Nbd2 Re8 12. Nf1 Bf8 13. Ng3 g6 14. d4 exd4 15. cxd4 Bg7 16. Bf4 Bb7 17. dxc5 dxc5 18. Qxd8 Raxd8 19. Bc7 Nc4 20. Bxd8 Rxd8 21. Rad1 Rc8 22. e5 Ng4 23. b3 Bxf3 24. gxf3 Ngxe5 25. bxc4 Nxf3+ 26. Kf1 Nxe1 27. Rxe1 bxc4 28. Ne4 Rb8 29. Nxc5 Rb2 30. Re8+ Bf8 31. Nd7 Rxc2 32. Rxf8+ Kg7 33. Rc8 Rxa2 34. Rxc4 a5 35. Nc5 Kf6 36. Re4 h5 37. Kg2 Kf5 38. Re7 f6 39. Ra7 g5 40. Nb7 a4 41. Ra5+ Kg6 42. Nc5 g4 43. Rxa4 Rxa4 44. Nxa4 Kg5 45. Nc3 f5 46. Ne2 f4 47. f3 Kf5 48. h4 Ke5 49. Kf2 Kf5 50. Nc1 Ke5 51. Nd3+ Kf5 52. Kg2 gxf3+ 53. Kxf3 Kg6 54. Nxf4+ Kh6 55. Ke4 Kg7 56. Nxh5+ Kg6 57. Ng3 Kh6 58. Kf4 Kg6 59. Kg4 Kh6 60. h5 Kg7 61. Kg5 Kh7 62. h6 Kh8 63. Kg6 Kg8 64. Ne4 1-0

[Event "St Chely d'Aubrac op 10th"]
[Site "St Chely d'Aubrac"]
[Date "2010.07.15"]
[Round "7"]
[White "Muheim, Sebastien"]
[Black "Pieri, Pierre Louis"]
[Result "1-0"]
[WhiteElo "2112"]
[BlackElo "1943"]
[PlyCount "97"]
[EventDate "2010.07.10"]
[EventType "swiss"]
[EventRounds "9"]
[EventCountry "FRA"]
[SourceTitle "CBM 137 Extra"]
[Source "ChessBase"]
[SourceDate "2010.09.01"]
[SourceVersion "1"]
[SourceVersionDate "2010.09.01"]
[SourceQuality "1"]

1. c4 e5 2. d3 Nf6 3. Nf3 Nc6 4. a3 a5 5. g3 d5 6. cxd5 Nxd5 7. Bg2 Be7 8. 0-0 Nb6 9. Nbd2 0-0 10. b3 Be6 11. Bb2 f6 12. Nc4 a4 13. Nfd2 Nxc4 14. bxc4 Qd7 15. Re1 Bc5 16. Ne4 Be7 17. Nc3 Nd4 18. Rb1 Ra7 19. Nd5 Bxd5 20. Bxd5+ Ne6 21. e3 c6 22. Bg2 Bc5 23. Bh3 Qd6 24. d4 Ng5 25. Bg2 Bxa3 26. c5 Bxc5 27. dxc5 Qxc5 28. Ra1 b5 29. Qd2 Qb6 30. Rec1 Rd8 31. Qb4 Rc8 32. Bd5+ Nf7 33. Qd6 Rac7 34. h4 Qb7 35. Be6 Re8 36. Ba3 Qc8 37. Bxf7+ Kxf7 38. Rab1 Rd8 39. Qc5 Rd5 40. Qb6 Qd7 41. e4 Rd3 42. Qc5 Qh3 43. Rc3 Rcd7 44. Qf8+ Kg6 45. Qe8+ Kh6 46. Bc1+ g5 47. hxg5+ fxg5 48. Rxc6+ Kg7 49. Qxe5+ 1-0

[Event "St Chely d'Aubrac op 10th"]
[Site "St Chely d'Aubrac"]
[Date "2010.07.12"]
[Round "4"]
[White "Pieri, Pierre Louis"]
[Black "Van Hoolandt, Patrick"]
[Result "1-0"]
[WhiteElo "1943"]
[BlackElo "2171"]
[PlyCount "141"]
[EventDate "2010.07.10"]
[EventType "swiss"]
[EventRounds "9"]
[EventCountry "FRA"]
[SourceTitle "CBM 137 Extra"]
[Source "ChessBase"]
[SourceDate "2010.09.01"]
[SourceVersion "1"]
[SourceVersionDate "2010.09.01"]
[SourceQuality "1"]

1. e4 e5 2. Nf3 Nc6 3. Bb5 Nf6 4. 0-0 Nxe4 5. d4 Nd6 6. dxe5 Nxb5 7. a4 Nbd4 8. Nxd4 Nxd4 9. Qxd4 d5 10. Nc3 c6 11. Ne2 Bf5 12. Ng3 Qd7 13. c3 h5 14. Bg5 Be6 15. Qh4 g6 16. Bf6 Be7 17. a5 Bxf6 18. Qxf6 Rh7 19. f4 Qe7 20. f5 Qxf6 21. exf6 gxf5 22. Nxf5 0-0-0 23. Ng7 Kd7 24. Rae1 Rh6 25. h4 Rdh8 26. Re5 Rg6 27. Nxe6 fxe6 28. Rg5 Rgg8 29. Rg7+ Kc8 30. Rf3 Rf8 31. Re7 Re8 32. a6 bxa6 33. Rxa7 Kb8 34. Rg7 Rhf8 35. Rh7 e5 36. Rxh5 e4 37. Rf1 e3 38. Rhf5 Re6 39. g4 e2 40. Re1 Re4 41. g5 Rxh4 42. Rxe2 Kc7 43. Kg2 Kd6 44. Kg3 Rh5 45. f7 Rh7 46. g6 Rg7 47. Rf6+ Kc5 48. Kh4 Rxg6 49. Rxg6 Rxf7 50. Ree6 Rc7 51. Kg4 a5 52. Kf4 a4 53. Ke3 Rc8 54. Kd3 Rc7 55. Ref6 Kb5 56. Rg4 Ra7 57. Rff4 c5 58. c4+ dxc4+ 59. Rxc4 a3 60. bxa3 Rxa3+ 61. Kc2 Rh3 62. Rc3 Rh2+ 63. Kb3 Rh5 64. Rg8 Rf5 65. Rb8+ Kc6 66. Ka4 Rf4+ 67. Ka5 Rf5 68. Rc4 Rf1 69. Rc8+ Kd6 70. R8xc5 Ra1+ 71. Kb6 1-0

[Event "St Chely d'Aubrac op 10th"]
[Site "St Chely d'Aubrac"]
[Date "2010.07.11"]
[Round "2"]
[White "Pieri, Pierre Louis"]
[Black "Sanduleac, Vasile"]
[Result "0-1"]
[WhiteElo "1943"]
[BlackElo "2451"]
[PlyCount "118"]
[EventDate "2010.07.10"]
[EventType "swiss"]
[EventRounds "9"]
[EventCountry "FRA"]
[SourceTitle "CBM 137 Extra"]
[Source "ChessBase"]
[SourceDate "2010.09.01"]
[SourceVersion "1"]
[SourceVersionDate "2010.09.01"]
[SourceQuality "1"]

1. e4 g6 2. d4 Bg7 3. c3 d6 4. f4 Nf6 5. Bd3 0-0 6. Nf3 c5 7. 0-0 cxd4 8. cxd4 Nc6 9. Kh1 Nb4 10. Nc3 Nxd3 11. Qxd3 Qa5 12. Bd2 Bd7 13. a4 Rfc8 14. Nd5 Qd8 15. Nxf6+ Bxf6 16. Bc3 d5 17. e5 Bg7 18. Nh4 e6 19. Nf3 Rc6 20. Nd2 Rac8 21. Nb3 Bf8 22. Nd2 Qh4 23. g3 Qd8 24. a5 b5 25. axb6 axb6 26. Ra7 R6c7 27. Rfa1 b5 28. Nb3 b4 29. Bd2 Rc4 30. R1a5 Be8 31. Kg1 Rc2 32. Bc3 bxc3 33. Qxc2 Bb4 34. Ra2 Kg7 35. bxc3 Rxc3 36. Qd1 Qb8 37. Nc1 Bb5 38. Ne2 Re3 39. Ra8 Qb6 40. Kf2 Re4 41. Kf3 Qb7 42. R8a7 Qc6 43. Qb3 Bf8 44. Nc3 Bc4 45. Qa4 Qxa4 46. R2xa4 Rxd4 47. Nb1 Bc5 48. Rc7 Bb6 49. Rcxc4 dxc4 50. Na3 Rd3+ 51. Ke2 Re3+ 52. Kd1 Rd3+ 53. Kc2 Bg1 54. Nxc4 Rd7 55. h3 Bh2 56. Ra3 Rc7 57. Rc3 Bxg3 58. Rxg3 Rxc4+ 59. Kd3 Rxf4 0-1

[Event "Calvi Balagne op 07th"]
[Site "Calvi"]
[Date "2010.04.25"]
[Round "1"]
[White "Pieri, Pierre Louis"]
[Black "Milov, Leonid"]
[Result "0-1"]
[WhiteElo "1878"]
[BlackElo "2556"]
[PlyCount "94"]
[EventDate "2010.04.25"]
[EventType "swiss"]
[EventRounds "9"]
[EventCountry "FRA"]
[SourceTitle "CBM 136 Extra"]
[Source "ChessBase"]
[SourceDate "2010.07.02"]
[SourceVersion "2"]
[SourceVersionDate "2010.07.15"]
[SourceQuality "1"]

1. e4 c5 2. Nf3 e6 3. d4 cxd4 4. Nxd4 Nc6 5. Nc3 Qc7 6. Nxc6 bxc6 7. Bd3 Nf6 8. 0-0 Be7 9. Qe2 d6 10. Bg5 h6 11. Bd2 e5 12. Rae1 g5 13. Na4 Bg4 14. Qe3 Be6 15. c4 Nh5 16. b3 Nf4 17. c5 d5 18. exd5 Bxd5 19. Be4 Qd7 20. Bxd5 Qxd5 21. Qe4 Nd3 22. Re3 Qxe4 23. Rxe4 0-0-0 24. Bc3 Rd5 25. b4 f6 26. g3 Rhd8 27. Re2 R8d7 28. Nb2 Nxb2 29. Rxb2 Rd3 30. Rc1 g4 31. Kf1 Rd1+ 32. Rxd1 Rxd1+ 33. Be1 h5 34. a3 f5 35. Ke2 Ra1 36. Rb3 Ra2+ 37. Kf1 Ra1 38. Ke2 e4 39. b5 Kb7 40. bxc6+ Kxc6 41. Bb4 Rh1 42. Ke3 Rxh2 43. Rb2 Bg5+ 44. Ke2 h4 45. gxh4 Bxh4 46. Ke3 Bg5+ 47. Ke2 g3 0-1

[Event "Corsica-chT"]
[Site "Ponte Leccia"]
[Date "2010.03.28"]
[Round "1"]
[White "Gilles de la Londe, Jean Francois"]
[Black "Pieri, Pierre Louis"]
[Result "0-1"]
[WhiteElo "1499"]
[BlackElo "1878"]
[PlyCount "54"]
[EventDate "2010.03.28"]
[EventType "team-tourn"]
[EventRounds "9"]
[EventCountry "FRA"]
[SourceTitle "EXT 2012"]
[Source "ChessBase"]
[SourceDate "2011.11.24"]
[SourceVersion "1"]
[SourceVersionDate "2011.11.24"]
[SourceQuality "1"]

1. e4 c5 2. Nf3 d6 3. c3 Nf6 4. e5 Nd5 5. Bc4 Nb6 6. 0-0 Nc6 7. Bb5 g6 8. d4 cxd4 9. cxd4 a6 10. Ba4 dxe5 11. Nxe5 Nxa4 12. Qxa4 Qxd4 13. Qxd4 Nxd4 14. Nc3 Bg7 15. Re1 Nc2 16. Bf4 Nxa1 17. Rxa1 Be6 18. h3 Rc8 19. a3 0-0 20. Rd1 Rfd8 21. Nf3 Bxc3 22. Rxd8+ Rxd8 23. bxc3 Rd3 24. Bd2 Bd5 25. Ne5 Rxd2 26. Nf3 Bxf3 27. gxf3 Rd3 0-1

[Event "Corsica-ch qual"]
[Site "Corsica"]
[Date "2009.06.14"]
[Round "?"]
[White "Pieri, Pierre Louis"]
[Black "Geronimi, Pierre Francois"]
[Result "1-0"]
[WhiteElo "1832"]
[BlackElo "1940"]
[PlyCount "71"]
[EventDate "2009.06.13"]
[EventType "match"]
[EventRounds "2"]
[EventCountry "FRA"]
[SourceTitle "EXT 2010"]
[Source "ChessBase"]
[SourceDate "2010.11.25"]
[SourceVersion "1"]
[SourceVersionDate "2010.11.25"]
[SourceQuality "1"]

1. e4 c5 2. Nf3 d6 3. c3 Nf6 4. Be2 Nbd7 5. d3 b6 6. 0-0 Bb7 7. Nbd2 g6 8. d4 cxd4 9. cxd4 Nxe4 10. Nxe4 Bxe4 11. Ng5 Bb7 12. Bc4 d5 13. Qf3 f6 14. Ne6 dxc4 15. Qxb7 Qc8 16. Nc7+ Kd8 17. Qxa8 Qxa8 18. Nxa8 Kc8 19. Bf4 e5 20. dxe5 fxe5 21. Be3 Bc5 22. Nxb6+ axb6 23. Bxc5 Nxc5 24. Rac1 Nd3 25. Rxc4+ Kb7 26. b3 Re8 27. f3 Re7 28. Rc3 Nf4 29. Re1 Rd7 30. g3 Nh3+ 31. Kg2 Ng5 32. Rxe5 Rd2+ 33. Kf1 Nh3 34. Re2 Rd1+ 35. Kg2 Ng5 36. h4 1-0